000 00234nam a2200097Ia 4500
001 705811
005 20250826162437.0
008 250824s9999 xx 000 0 und d
245 0 _aSANAT VE…
_cÖMER LEKESİZ
260 _bŞULE YAYINLARI
999 _c705811
_d705811